| 000 | 00808nam a2200193Ia 4500 | ||
|---|---|---|---|
| 003 | IN-BaIIA | ||
| 008 | 211028s9999 xx s 000 0 eng d | ||
| 020 | _a978-1-107-13826-1 (Print) | ||
| 022 | _a1743-9213 (Print) | ||
| 022 | _a1743-9221 (Online) | ||
| 040 | _cIIA Library | ||
| 100 |
_a Kaviraj, S., ed. _940684 |
||
| 245 | 0 |
_aGalaxies at High Redshift and Their Evolution Over Cosmic Time _h[eBook] |
|
| 260 |
_aCambridge _bCambridge University Press _c2016 |
||
| 300 | _aOnline resource | ||
| 490 | _aIAU Symposium; no. 319 | ||
| 856 |
_uhttps://www.cambridge.org/core/journals/proceedings-of-the-international-astronomical-union/issue/D0E9B80204E9611353F183003A1ED95F _yClick Here to Access eBook |
||
| 942 | _cEB | ||
| 999 |
_c22029 _d22029 |
||